Polskie miasto z kolorem w nazwie. - Statystyki

Ogólne statystyki
  • Ten quiz został rozwiązany 70 razy
  • Średni wynik to 3 z 10
Statystyki odpowiedzi
Hint Odpowiedź % Poprawnych
7. Biała Podlaska
76%
1. Białystok
76%
2. Bielsko-Biała
76%
4. Zielona Góra
69%
3. Złotoryja
13%
6. Ruda Śląska
10%
9. Złotów
9%
5. Białowieża
7%
10. Złocieniec
1%
8. Czerwińsk nad Wisłą
0%
Nie znaleziono quizów pasujących do podanych kryteriów
Rozkład punktacji
Procent ludzi z każdym wynikiem
Percentyl według liczby udzielonych odpowiedzi
Twoja historia wyników
Nie rozwiązałeś tego quizu